New aspects of quantity surveying practice : a text for all construction professionals (Record no. 102206)

MARC details
000 -LEADER
fixed length control field 01270cam a2200265 4500
008 - FIXED-LENGTH DATA ELEMENTS--GENERAL INFORMATION
fixed length control field 020722n2002 000 0 eng u
020 ## - INTERNATIONAL STANDARD BOOK NUMBER
International Standard Book Number 075065256X
035 ## - SYSTEM CONTROL NUMBER
System control number (Sirsi) u118942
050 ## - LIBRARY OF CONGRESS CALL NUMBER
Classification number 692.5
100 ## - MAIN ENTRY--PERSONAL NAME
Personal name Cartlidge, D.
245 ## - TITLE STATEMENT
Title New aspects of quantity surveying practice : a text for all construction professionals
260 ## - PUBLICATION, DISTRIBUTION, ETC.
Place of publication, distribution, etc. London
Name of publisher, distributor, etc. Butterworth-Heinemann
Date of publication, distribution, etc. 2002
300 ## - PHYSICAL DESCRIPTION
Extent xvii,286p.
Dimensions 24cm.
350 ## - PRICE (NR) (BK AM CF MU VM SE) [OBSOLETE]
Price 24.99
520 ## - SUMMARY, ETC.
Summary, etc. Aimed at both quantity surveyors and quantity surveying students, as well as other construction professionals and students, this key text seeks to address the key issues facing the discipline today. Topics covered include the changing values within the construction industry following the Latham and Egan reports, delivering added value, e-practice in quantity surveying, emerging procurement strategies, evolving markets, partnering and supply chain management.
520 ## - SUMMARY, ETC.
Summary, etc. Superseded by 2nd edition 2006 (isbn 0750668415)
650 ## - SUBJECT ADDED ENTRY--TOPICAL TERM
Topical term or geographic name entry element CONSTRUCTION INDUSTRY
650 ## - SUBJECT ADDED ENTRY--TOPICAL TERM
Topical term or geographic name entry element EGAN REFORMS
650 ## - SUBJECT ADDED ENTRY--TOPICAL TERM
Topical term or geographic name entry element MANAGEMENT-BUSINESS MANAGEMENT-INFORMATION MANAGEMENT
650 ## - SUBJECT ADDED ENTRY--TOPICAL TERM
Topical term or geographic name entry element LATHAM REFORMS
650 ## - SUBJECT ADDED ENTRY--TOPICAL TERM
Topical term or geographic name entry element PARTNERING
650 ## - SUBJECT ADDED ENTRY--TOPICAL TERM
Topical term or geographic name entry element SUPPLY CHAIN MANAGEMENT
690 ## - LOCAL SUBJECT ADDED ENTRY--TOPICAL TERM (OCLC, RLIN)
Topical term or geographic name as entry element Quantity surveying
9 (RLIN) 6263
942 ## - ADDED ENTRY ELEMENTS (KOHA)
Suppress in OPAC 0
Holdings
Withdrawn status Lost status Source of classification or shelving scheme Damaged status Not for loan Home library Current library Shelving location Date acquired Cost, normal purchase price Total Checkouts Full call number Barcode Date last seen Copy number Cost, replacement price Price effective from Koha item type Date last checked out
    Dewey Decimal Classification     London London Basement 24/07/2002 21.24   692.5 CAR 30066312 06/08/2019 1 21.24 06/08/2019 Reference material  
    Dewey Decimal Classification     London London Books 24/07/2002 21.24 38 692.5 CAR 30066309 06/08/2019 2 21.24 06/08/2019 Book 14/06/2007